000 00452nam a2200157 4500
001 120880
003 ES-MaACL
005 20230906191636.0
007 t|
008 070214s1965 sp r ||||1| spa d
100 1 _aPomareda de Haro, Joaquina.
_992902
245 1 0 _aPinceladas /
_cJoaquina Pomareda de Haro.
260 _aAlbacete :
_b[s.n.],
_c1965 (
_fTip. Antonio González)
300 _a130 p. ;
_c17 cm.
852 _aES-MaACL
_jC-27252
_bR.56416
999 _c120880
_d120880